Az emergencia értelmezése Polányi Mihály filozófiájában
Elmentve itt :
| Szerző: | |
|---|---|
| Adatforrás: | Philobibl |
| Forrásdokumentuma: | Magyar Filozófiai Szemle 53.2009:1-2. p. 226-273. |
| Dokumentumtípus: | Cikk |
| Nyelv: | magyar |
| Kulcsszavak: | Polányi Mihály emergencia megismerés tudás |
| LEADER | 00437nab a2200145 c 4500 | ||
|---|---|---|---|
| 001 | bibPHI0037466 | ||
| 005 | 20200924123813.8 | ||
| 008 | 100412s2009 hu hun | ||
| 100 | 1 | |a Paksi Dániel | |
| 245 | 1 | 3 | |a Az emergencia értelmezése Polányi Mihály filozófiájában |c Paksi Dániel |
| 695 | |a Polányi Mihály | ||
| 695 | |a emergencia | ||
| 695 | |a megismerés | ||
| 695 | |a tudás | ||
| 773 | 0 | |t Magyar Filozófiai Szemle |g 53.2009:1-2. p. 226-273. | |